Ballon d'Or du Foot - Statistiques

Statistiques générales
  • Ce quiz a été pris 1 067 fois
  • Le résultat moyen est 35 sur 67
Statistiques - réponses
Année Réponse % Correct
2023 Messi
100%
2021 Messi
100%
2019 Messi
100%
2015 Messi
100%
2012 Messi
100%
2011 Messi
100%
2010 Messi
100%
2009 Messi
100%
2017 Ronaldo
99%
2016 Ronaldo
99%
2014 Ronaldo
99%
2013 Ronaldo
99%
2008 Ronaldo
99%
2002 Ronaldo
99%
1997 Ronaldo
99%
2022 Benzema
96%
2018 Modric
94%
1998 Zidane
92%
2007 Kaka
83%
2005 Ronaldinho
81%
1985 Platini
76%
1984 Platini
76%
1983 Platini
76%
2006 Cannavaro
69%
1974 Cruyff
59%
1973 Cruyff
59%
1971 Cruyff
59%
2003 Nedved
52%
2000 Figo
50%
1991 Papin
50%
1999 Rivaldo
50%
1992 van Basten
49%
1989 van Basten
49%
1988 van Basten
49%
2001 Owen
46%
1987 Gullit
43%
2004 Shevchenko
43%
1976 Beckenbauer
40%
1972 Beckenbauer
40%
1995 Weah
38%
1959 Di Stefano
37%
1957 Di Stefano
37%
1958 Kopa
36%
1970 Müller
35%
1963 Yachine
31%
1965 Eusebio
30%
1993 Baggio
29%
1968 Best
24%
1966 Charlton
24%
1990 Matthäus
24%
1996 Sammer
20%
1960 Suarez
20%
1956 Matthews
18%
1982 Rossi
14%
1981 Rummenigge
14%
1980 Rummenigge
14%
1979 Keegan
11%
1978 Keegan
11%
1994 Stoitchkov
9%
1986 Belanov
8%
1969 Rivera
8%
1967 Albert
7%
1975 Blokhine
7%
1964 Law
7%
1977 Simonsen
6%
1961 Sivori
6%
1962 Masopust
5%
Aucun quiz correspondant
Distribution des résultats
% des personnes avec chaque résultat
Percentile par nombre de réponses
Votre historique - résultats
Vous n’avez pas pris ce quiz